Udara
| Main Author: | |
|---|---|
| Format: | Book |
| Published: |
P.Jaya :
Pan Earth ,
1995
|
| Series: | Siri Sains Asas
|
| Subjects: |
MARC
| LEADER | 00000cam a2200000 7i4500 | ||
|---|---|---|---|
| 001 | 0000006193 | ||
| 002 | 000006684 | ||
| 005 | 20000330.0 | ||
| 020 | |a 9837503432 | ||
| 090 | 0 | 0 | |a J 500 |b GOR |
| 100 | 1 | |a Gordon, Maria | |
| 245 | 1 | 0 | |a Udara |c Maria Gordon ; Penterjemah Zainariah AbdulWahab |
| 260 | |a P.Jaya : |b Pan Earth , |c 1995 | ||
| 300 | |a 32 p. : |b ill. ; |c 21 cm. | ||
| 490 | 0 | |a Siri Sains Asas | |
| 650 | 0 | 0 | |a Air warfare |x Juvenile literature |
| 999 | |a 038571 |b BUKU |c PINJAMAN |e PERPUSTAKAAN KOMUNITI PETALING JAYA | ||